| 000 | 01052cam a22003257a 4500 | ||
|---|---|---|---|
| 003 | CHAP | ||
| 005 | 20220329141129.0 | ||
| 008 | 971010s1979 r 00010 d | ||
| 010 | _a63106 | ||
| 011 | _a64078 | ||
| 035 | _a69173 | ||
| 040 | _cCHAP | ||
| 082 | 0 | 4 |
_a581.498 _bB6 |
| 100 | 0 | 0 |
_aBohm, Wolfgang. _913434 |
| 245 | 1 | 0 | _aMethods of studying root systems |
| 260 |
_aBerlin : _bSpringer-Verlag, _c1979 |
||
| 300 |
_a188 p. _b: ilus. ; gráfs. |
||
| 490 | 0 |
_aEcological studies _v; 33 |
|
| 590 |
_aBATCH-UPD _b10 _c20130110 _lUCH01 _h0636 |
||
| 590 |
_aBATCH-UPD _b10 _c20130410 _lUCH01 _h0320 |
||
| 590 |
_aBATCH-UPD _b10 _c20130914 _lUCH01 _h0648 |
||
| 590 |
_aCONVERSION _b10 _c20130109 _lUCH01 _h1334 |
||
| 650 | 1 | 4 |
_aBotánica _xManuales de laboratorio. _914584 |
| 650 | 1 | 4 |
_aRaíces _994670 |
| 830 | 0 |
_aEcological studies _v; 33 _935133 |
|
| 901 | _aBK | ||
| 942 | _cLIBRO | ||
| 949 |
_a581.498 B6 _bBC _cLIBRO _d33724000540159 _eLIBRO _fc.2 _h55107 _i69173 _si |
||
| 949 |
_a581.498 B6 _bBC _cLIBRO _d33724000540191 _eLIBRO _gI.150986 _h47779 _i69173 _si |
||
| 999 |
_c63106 _d63106 |
||